Score 0/30 Timer 03:00
0 Plays Today
% Correct
Alice
96.3%
Pretty
94.8%
New
92.9%
Ocean's
91.6%
Never
90.6%
Hollow
88.8%
Just
88.3%
Pearl
87.5%
Mamma
87%
Dark
86.1%
Softly
81%
World's
80%
Joe
79.8%
Basterds
79.3%
Artificial
78.7%
% Correct
Ripley
74.7%
Primal
67.5%
Fears
63.4%
Monkeys
61.3%
Heart
60.5%
Affairs
52.6%
Game
50.4%
Entering
49.8%
Brasco
47.8%
Laws
40.5%
Prophecies
36.7%
Reindeer
30.2%
Play
26.9%
Writer
12.9%
Sunset
8.2%

Today's Daily Dose

Remove Ads.
Support Sporcle.
Get the best of Sporcle when you Go Orange. This ad-free experience offers more features, more stats, and more fun while also helping to support Sporcle. Thank you for becoming a member.

You're not logged in!

Compare scores with friends on all Sporcle quizzes.
OR
Log In

Show Comments

Extras

Top Quizzes Today


Score Distribution

Your Account Isn't Verified!

In order to create a playlist on Sporcle, you need to verify the email address you used during registration. Go to your Sporcle Settings to finish the process.

Report this User

Report this user for behavior that violates our Community Guidelines.

Details: